<?xml version="1.0" encoding="UTF-8"?>
<record
    xmlns:xsi="http://www.w3.org/2001/XMLSchema-instance"
    xsi:schemaLocation="http://www.loc.gov/MARC21/slim http://www.loc.gov/standards/marcxml/schema/MARC21slim.xsd"
    xmlns="http://www.loc.gov/MARC21/slim">

  <leader>01892nam a22003137a 4500</leader>
  <controlfield tag="001">4567</controlfield>
  <controlfield tag="003">FISKH</controlfield>
  <controlfield tag="005">20250307114539.0</controlfield>
  <controlfield tag="008">240917b        cb ||||| |||| 00| 0 eng d</controlfield>
  <datafield tag="020" ind1=" " ind2=" ">
    <subfield code="a">9789996389344</subfield>
  </datafield>
  <datafield tag="040" ind1=" " ind2=" ">
    <subfield code="a">FISKH</subfield>
    <subfield code="b">Khmer </subfield>
    <subfield code="c">FISKH</subfield>
    <subfield code="d">FISKH</subfield>
  </datafield>
  <datafield tag="050" ind1=" " ind2=" ">
    <subfield code="a">PZ7</subfield>
  </datafield>
  <datafield tag="082" ind1=" " ind2=" ">
    <subfield code="a">800</subfield>
  </datafield>
  <datafield tag="100" ind1=" " ind2=" ">
    <subfield code="a">Anoymous </subfield>
    <subfield code="e">author</subfield>
  </datafield>
  <datafield tag="245" ind1=" " ind2=" ">
    <subfield code="a">&#x1790;&#x17B6;&#x179F;&#x1798;&#x17B6;&#x179F;&#x200B; /</subfield>
    <subfield code="c">by Anonymous </subfield>
  </datafield>
  <datafield tag="250" ind1=" " ind2=" ">
    <subfield code="a">&#x1794;&#x17C4;&#x17C7;&#x1796;&#x17BB;&#x1798;&#x17D2;&#x1796;&#x1786;&#x17D2;&#x1793;&#x17B6;&#x17C6;&#x17E2;&#x17E0;&#x17E1;&#x17E5;</subfield>
  </datafield>
  <datafield tag="260" ind1=" " ind2=" ">
    <subfield code="a">&#x1797;&#x17D2;&#x1793;&#x17C6;&#x1796;&#x17C1;&#x1789; : </subfield>
    <subfield code="b">&#x17A2;&#x1795;&#x17D2;&#x179F;&#x17BB;&#x1780; ;</subfield>
    <subfield code="c">&#x17E2;&#x17E0;&#x17E1;&#x17E5; .</subfield>
  </datafield>
  <datafield tag="300" ind1=" " ind2=" ">
    <subfield code="a">12 pages : </subfield>
    <subfield code="b">color illustrations ;</subfield>
    <subfield code="c">22 cm . </subfield>
  </datafield>
  <datafield tag="490" ind1=" " ind2=" ">
    <subfield code="a">&#x1793;&#x17B7;&#x1791;&#x17B6;&#x1793;&#x17A2;&#x1794;&#x17CB;&#x179A;&#x17C6;&#x179F;&#x1798;&#x17D2;&#x179A;&#x17B6;&#x1794;&#x17CB;&#x1780;&#x17BB;&#x1798;&#x17B6;&#x179A;</subfield>
  </datafield>
  <datafield tag="505" ind1=" " ind2=" ">
    <subfield code="a">G  
</subfield>
  </datafield>
  <datafield tag="520" ind1=" " ind2=" ">
    <subfield code="a">&#x1793;&#x17C5;&#x1780;&#x17D2;&#x1793;&#x17BB;&#x1784;&#x1795;&#x17D2;&#x1791;&#x17C7;&#x178F;&#x17BC;&#x1785;&#x1798;&#x17BD;&#x1799;&#x1798;&#x17B6;&#x1793;&#x179F;&#x17D2;&#x179A;&#x17D2;&#x178F;&#x17B8;&#x1787;&#x179A;&#x17B6;&#x1780;&#x17D2;&#x179A;&#x17B8;&#x1780;&#x17D2;&#x179A;&#x1793;&#x17B7;&#x1784;&#x1785;&#x17C4;&#x179F;&#x17D2;&#x179A;&#x17B8;&#x1798;&#x17D2;&#x1793;&#x17B6;&#x1780;&#x17CB; &#x17D4; &#x1785;&#x17C4;&#x179F;&#x17D2;&#x179A;&#x17B8;&#x1794;&#x17B6;&#x1793;&#x17A2;&#x17C4;&#x1799;&#x1799;&#x17B6;&#x1799;&#x1799;&#x1780;&#x1790;&#x17B6;&#x179F;&#x1785;&#x17B6;&#x179F;&#x17CB;&#x178A;&#x17BE;&#x1798;&#x17D2;&#x1794;&#x17B8;&#x178A;&#x17BC;&#x179A;&#x1799;&#x1780;&#x1780;&#x1784;&#x178A;&#x17C3; &#x17D4;&#x200B; &#x1794;&#x17BB;&#x179A;&#x179F;&#x1793;&#x17C4;&#x17C7;&#x178A;&#x17B9;&#x1784;&#x1790;&#x17B6;&#x179C;&#x17B6;&#x1798;&#x17B7;&#x1793;&#x1798;&#x17C2;&#x1793;&#x1787;&#x17B6;&#x1790;&#x17B6;&#x179F;&#x1785;&#x17B6;&#x179F;&#x17CB;&#x1791;&#x17C1; &#x178F;&#x17C2;&#x179C;&#x17B6;&#x1787;&#x17B6;&#x1790;&#x17B6;&#x179F;&#x1798;&#x17B6;&#x179F;&#x178A;&#x17C2;&#x179B;&#x1798;&#x17B6;&#x1793;&#x178F;&#x1798;&#x17D2;&#x179B;&#x17C3;&#x1798;&#x17A0;&#x17B6;&#x179F;&#x17B6;&#x179B; &#x1791;&#x17BE;&#x1794;&#x1788;&#x17D2;&#x1798;&#x17BD;&#x1789;&#x1780;&#x17C6;&#x179B;&#x17C4;&#x17C7;&#x178A;&#x17CF;&#x179F;&#x17D2;&#x1798;&#x17C4;&#x17C7;&#x178F;&#x17D2;&#x179A;&#x1784;&#x17CB; &#x1794;&#x17D2;&#x179A;&#x1782;&#x179B;&#x17CB;&#x1791;&#x17C6;&#x1793;&#x17B7;&#x1789;&#x1798;&#x17BD;&#x1799;&#x179A;&#x1791;&#x17C1;&#x17C7;&#x1787;&#x17B6;&#x1780;&#x17B6;&#x179A;&#x178A;&#x17C4;&#x17C7;&#x178A;&#x17BC;&#x179A;&#x1793;&#x17BA;&#x1784;&#x1790;&#x17B6;&#x179F;&#x1798;&#x17B6;&#x179F;&#x1793;&#x17C4;&#x17C7; &#x17D4;</subfield>
  </datafield>
  <datafield tag="520" ind1=" " ind2=" ">
    <subfield code="a">In a small house there was a poor old woman and a grand daughter . Grand daughter  asked Grandma to exchange the old tray for the bracelet. The merchant  knew that it was not an old tray, but that it was a piece of jewelry of great value, so the merchant gives all his stuffs to grandma to exchange with the golden tray. </subfield>
  </datafield>
  <datafield tag="521" ind1="8" ind2=" ">
    <subfield code="a">380 
</subfield>
    <subfield code="b">Lexile estimate 
</subfield>
  </datafield>
  <datafield tag="521" ind1="8" ind2=" ">
    <subfield code="a">G 
</subfield>
    <subfield code="b">Raz-Plus 
</subfield>
  </datafield>
  <datafield tag="650" ind1=" " ind2=" ">
    <subfield code="a">&#x1791;&#x17C6;&#x1793;&#x17B7;&#x1789; </subfield>
  </datafield>
  <datafield tag="650" ind1=" " ind2=" ">
    <subfield code="a">stuffs</subfield>
  </datafield>
  <datafield tag="942" ind1=" " ind2=" ">
    <subfield code="2">ddc</subfield>
    <subfield code="c">KHB</subfield>
    <subfield code="n">0</subfield>
  </datafield>
  <datafield tag="999" ind1=" " ind2=" ">
    <subfield code="c">4567</subfield>
    <subfield code="d">4567</subfield>
  </datafield>
  <datafield tag="952" ind1=" " ind2=" ">
    <subfield code="0">0</subfield>
    <subfield code="1">0</subfield>
    <subfield code="2">ddc</subfield>
    <subfield code="4">0</subfield>
    <subfield code="7">0</subfield>
    <subfield code="8">KH</subfield>
    <subfield code="a">002</subfield>
    <subfield code="b">002</subfield>
    <subfield code="c">TTP Khmer</subfield>
    <subfield code="d">2024-09-17</subfield>
    <subfield code="l">0</subfield>
    <subfield code="o">ANO PZ7 800 </subfield>
    <subfield code="p">FIS04992</subfield>
    <subfield code="r">2024-09-17 09:11:50</subfield>
    <subfield code="t">1</subfield>
    <subfield code="w">2024-09-17</subfield>
    <subfield code="y">KHB</subfield>
  </datafield>
  <datafield tag="952" ind1=" " ind2=" ">
    <subfield code="0">0</subfield>
    <subfield code="1">0</subfield>
    <subfield code="2">ddc</subfield>
    <subfield code="4">0</subfield>
    <subfield code="7">0</subfield>
    <subfield code="8">KH</subfield>
    <subfield code="a">002</subfield>
    <subfield code="b">002</subfield>
    <subfield code="c">TTP Khmer</subfield>
    <subfield code="d">2024-09-17</subfield>
    <subfield code="l">1</subfield>
    <subfield code="o">ANO PZ7 800 </subfield>
    <subfield code="p">FIS04013</subfield>
    <subfield code="r">2025-09-30 10:23:05</subfield>
    <subfield code="s">2025-07-15</subfield>
    <subfield code="t">2</subfield>
    <subfield code="w">2024-09-17</subfield>
    <subfield code="y">KHB</subfield>
  </datafield>
  <datafield tag="952" ind1=" " ind2=" ">
    <subfield code="0">0</subfield>
    <subfield code="1">0</subfield>
    <subfield code="2">ddc</subfield>
    <subfield code="4">0</subfield>
    <subfield code="7">0</subfield>
    <subfield code="8">KH</subfield>
    <subfield code="a">002</subfield>
    <subfield code="b">002</subfield>
    <subfield code="c">TTP Khmer</subfield>
    <subfield code="d">2024-09-17</subfield>
    <subfield code="l">1</subfield>
    <subfield code="o">ANO PZ7 800 </subfield>
    <subfield code="p">FIS04438</subfield>
    <subfield code="r">2025-09-30 10:23:57</subfield>
    <subfield code="s">2025-07-15</subfield>
    <subfield code="t">3</subfield>
    <subfield code="w">2024-09-17</subfield>
    <subfield code="y">KHB</subfield>
  </datafield>
  <datafield tag="952" ind1=" " ind2=" ">
    <subfield code="0">0</subfield>
    <subfield code="1">0</subfield>
    <subfield code="2">ddc</subfield>
    <subfield code="4">0</subfield>
    <subfield code="7">0</subfield>
    <subfield code="8">KH</subfield>
    <subfield code="a">001</subfield>
    <subfield code="b">001</subfield>
    <subfield code="c">OKHR</subfield>
    <subfield code="d">2025-09-04</subfield>
    <subfield code="l">1</subfield>
    <subfield code="o">ANO PZ7 800 </subfield>
    <subfield code="p">FISTK04606</subfield>
    <subfield code="r">2026-03-16 09:32:39</subfield>
    <subfield code="s">2025-10-10</subfield>
    <subfield code="t">4</subfield>
    <subfield code="w">2025-09-04</subfield>
    <subfield code="y">KHB</subfield>
  </datafield>
  <datafield tag="952" ind1=" " ind2=" ">
    <subfield code="0">0</subfield>
    <subfield code="1">0</subfield>
    <subfield code="2">ddc</subfield>
    <subfield code="4">0</subfield>
    <subfield code="7">0</subfield>
    <subfield code="8">KH</subfield>
    <subfield code="a">001</subfield>
    <subfield code="b">001</subfield>
    <subfield code="c">OKHR</subfield>
    <subfield code="d">2025-09-04</subfield>
    <subfield code="l">1</subfield>
    <subfield code="o">ANO PZ7 800 </subfield>
    <subfield code="p">FISTK04607</subfield>
    <subfield code="r">2026-03-16 09:32:20</subfield>
    <subfield code="s">2025-10-10</subfield>
    <subfield code="t">5</subfield>
    <subfield code="w">2025-09-04</subfield>
    <subfield code="y">KHB</subfield>
  </datafield>
  <datafield tag="952" ind1=" " ind2=" ">
    <subfield code="0">0</subfield>
    <subfield code="1">0</subfield>
    <subfield code="2">ddc</subfield>
    <subfield code="4">0</subfield>
    <subfield code="7">0</subfield>
    <subfield code="8">KH</subfield>
    <subfield code="a">001</subfield>
    <subfield code="b">001</subfield>
    <subfield code="c">OKHR</subfield>
    <subfield code="d">2025-09-04</subfield>
    <subfield code="l">1</subfield>
    <subfield code="o">ANO PZ7 800 </subfield>
    <subfield code="p">FISBK03764</subfield>
    <subfield code="r">2026-03-16 09:32:17</subfield>
    <subfield code="s">2025-10-10</subfield>
    <subfield code="t">6</subfield>
    <subfield code="w">2025-09-04</subfield>
    <subfield code="y">KHB</subfield>
  </datafield>
  <datafield tag="952" ind1=" " ind2=" ">
    <subfield code="0">0</subfield>
    <subfield code="1">0</subfield>
    <subfield code="2">ddc</subfield>
    <subfield code="4">0</subfield>
    <subfield code="7">0</subfield>
    <subfield code="8">KH</subfield>
    <subfield code="a">002</subfield>
    <subfield code="b">002</subfield>
    <subfield code="c">TTP Khmer</subfield>
    <subfield code="d">2025-10-24</subfield>
    <subfield code="l">0</subfield>
    <subfield code="o">ANO PZ7 800 </subfield>
    <subfield code="p">FIS04423</subfield>
    <subfield code="r">2025-10-24 14:39:36</subfield>
    <subfield code="t">7</subfield>
    <subfield code="w">2025-10-24</subfield>
    <subfield code="y">KHB</subfield>
  </datafield>
  <datafield tag="952" ind1=" " ind2=" ">
    <subfield code="0">0</subfield>
    <subfield code="1">0</subfield>
    <subfield code="2">ddc</subfield>
    <subfield code="4">0</subfield>
    <subfield code="7">0</subfield>
    <subfield code="8">KH</subfield>
    <subfield code="a">002</subfield>
    <subfield code="b">002</subfield>
    <subfield code="c">TTP Khmer</subfield>
    <subfield code="d">2025-12-11</subfield>
    <subfield code="l">0</subfield>
    <subfield code="o">ANO PZ7 800 </subfield>
    <subfield code="p">FIS03954</subfield>
    <subfield code="r">2025-12-11 10:34:51</subfield>
    <subfield code="t">8</subfield>
    <subfield code="w">2025-12-11</subfield>
    <subfield code="y">KHB</subfield>
  </datafield>
  <datafield tag="952" ind1=" " ind2=" ">
    <subfield code="0">0</subfield>
    <subfield code="1">0</subfield>
    <subfield code="2">ddc</subfield>
    <subfield code="4">0</subfield>
    <subfield code="7">0</subfield>
    <subfield code="8">KH</subfield>
    <subfield code="a">002</subfield>
    <subfield code="b">002</subfield>
    <subfield code="c">TTP Khmer</subfield>
    <subfield code="d">2025-12-12</subfield>
    <subfield code="l">0</subfield>
    <subfield code="o">ANO PZ7 800 </subfield>
    <subfield code="p">FISBK03820</subfield>
    <subfield code="r">2025-12-12 08:59:23</subfield>
    <subfield code="t">9</subfield>
    <subfield code="w">2025-12-12</subfield>
    <subfield code="y">KHB</subfield>
  </datafield>
</record>
